الحياة الاجتماعية فى الاندلس : (Record no. 59758)
[ view plain ]
| 000 -الفاتح | |
|---|---|
| حقل البيانات ثابتة الطول | 00571nam a22001577a 4500 |
| 005 - وقت وتاريخ اخر تعامل مع التسجيلة | |
| رقم الضبط | 20240530110334.0 |
| 008 - عناصر البيانات ثابتة الطول - معلومات عامة | |
| حقل البيانات ثابتة الطول | 140824b1996 ua g 00| 0 ara d |
| 040 ## - مصدر الفهرسة | |
| وكالة الفهرسة الأصلية | EG-CaGPL |
| 082 04 - رقم تصنيف ديوى العشرى | |
| رقم الطبعة | 21 |
| رقم التصنيف | 953.0713 |
| رقم المادة | س ح |
| 100 ## - المدخل الرئيسى - إسم شخصى | |
| الإسم الشخصى | سعيد سيد احمد ابو زيد |
| 245 02 - بيان العنوان | |
| العنوان | الحياة الاجتماعية فى الاندلس : |
| بقية العنوان | عصر دولتى المرابطين والموحدين / |
| بيان المسئوليه,etc | سعيد سيد احمد ابو زيد |
| 300 ## - الوصف المادى | |
| التعداد | 350 سم ؛ |
| أبعاد الوعاء | 24 سم |
| 650 07 - المدخل الاضافى بالموضوع-مصطلح موضوعى | |
| مصطلح موضوعي | دولة المرابطين |
| 650 07 - المدخل الاضافى بالموضوع-مصطلح موضوعى | |
| مصطلح موضوعي | دولة الموحدين |
| 942 ## - عناصر المدخل الإضافي( كوها) | |
| مصدر التصنيف او مخطط الترفيف | Dewey Decimal Classification |
| Koha [default] item type | كتاب |
| حالة التراجع | حالة الفقد | حالة تلف | ليس للاعارة | المكان المؤقت | الموقع الحالى | تاريخ الاكتساب | اجمالي اﻻعارات | رقم الطلب | الباركود | تاريخ اخر مشاهدة | تاريخ تفعيل السعر | نوع وعاء كوها |
|---|---|---|---|---|---|---|---|---|---|---|---|---|
| مكتبة القاهرة الكبرى | مكتبة القاهرة الكبرى | 08/24/2014 | 953.0713 س ح | 158677 | 08/24/2014 | 08/24/2014 | كتاب |

